000 00517nam a2200181Ia 4500
999 _c14470
_d14470
003 OSt
005 20201020121953.0
008 190216s9999||||xx |||||||||||||| ||und||
020 _a9780415325059
040 _coclc
082 _a190.9
_bRUS/H
100 _aRussell, Bertrand
_95831
245 0 _aHistory Of Western Philosophy /
_cBertrand Russell
260 _bRoutledge Classics ,
_c2010.
_aLondon:
300 _a778p
650 _aEnglish
942 _cBK
_2ddc
_h190.9
_iRUS/H
_k190.9
_mRUS/H